000 00341nam a2200109Ia 4500
008 160609s9999 xx 000 0 und d
100 _aBanda, Fackson.
245 _aCivic education for media professionals: a training manual
245 _cFackson Banda
260 _c2009
856 _uhttp://unesdoc.unesco.org/images/0018/001804/180402e.pdf
999 _c295691
_d295691